000 00448nam a2200157Ia 4500
008 210716s2010 xx 000 0 und d
020 _a9781403927606
041 _aeng
082 _a658.804 CHON
100 _aChowdhary, Nimit; Chowdhary, Monika.
245 _aTextbook of marketing of services: the indian experience.
_bIndian experience.
250 _a1
260 _aNew Delhi
_bMacmillan
_c2010
300 _axiii,445
650 _aMarketing
999 _c207146
_d207146